000 00678nam a2200205 i 4500
001 187986
003 ES-MaACL
005 20230906223056.0
007 t|
008 180406s1928 xxk ||||1| eng d
100 0 _aHardy, G. H.
_961830
245 1 0 _aIntegration on functions of a single variable /
_cby G. H. Hardy.
260 _aLondon :
_bCambridge University Press, 1928.
300 _aVIII, 67 p. ;
_c22 cm.
490 1 _aCambridge tracts in mathematics and mathematical physics ;
_v2
650 0 4 _aIntegrales.
_913841
830 0 _aCambridge tracts in mathematics and mathematical physics ;
_v2
_9192958
852 _aES-MaACL
_jC-8148
999 _c187986
_d187986